000
00232 a2200097 4500
001
18466
100
_a
Malik H
245
_a
Iqhal poet and philosopher of Pakistan
260
_a
_b
Columbia University
_c
1971
090
_c
13703
_d
13703
942
_a
NUST-CAE
_c
M
_c
4118
999
_c
253539
_d
253539